[Event "COL-ch U26 (Women)"]
[Site "Cali"]
[Date "2022.09.29"]
[Round "3"]
[White "Viveros Torres, Erica Johana"]
[Black "Espinel Forero, Aura Maria"]
[Result "0-1"]
[WhiteElo "1938"]
[BlackElo "1477"]
[PlyCount "77"]
[EventDate "2022.09.28"]
[EventType "swiss"]
[EventRounds "6"]
[EventCountry "COL"]
[SourceTitle "CBM 210 Extra"]
[Source "ChessBase"]
[SourceDate "2022.11.30"]
[SourceVersion "1"]
[SourceVersionDate "2022.11.30"]
[SourceQuality "1"]

1. Nf3 c5 2. g3 g6 3. Bg2 Bg7 4. d4 cxd4 5. Nxd4 Nc6 6. c3 Nf6 7. 0-0 d5 8. Re1 0-0 9. Bg5 h6 10. Bc1 Re8 11. e3 Bg4 12. Qa4 Ne5 13. Qc2 Rc8 14. Nd2 a6 15. h3 Bd7 16. e4 dxe4 17. Nxe4 Nd5 18. Nd2 Nb4 19. Qe4 Nbc6 20. N2b3 Nxd4 21. Nxd4 Nc6 22. Nb3 Bf5 23. Qe3 Qc7 24. Nc5 a5 25. Ne4 Ne5 26. Qe2 Qc4 27. g4 Be6 28. b3 Qxe2 29. Rxe2 Red8 30. Be3 Bd5 31. Rd1 b5 32. Bb6 Rd7 33. Bxa5 e6 34. Rc1 Nd3 35. Rcc2 Nf4 36. Re1 Nxg2 37. Kxg2 f5 38. f3 fxe4 39. fxe4 0-1

[Event "COL-ch Blitz (Women)"]
[Site "Villavicencio"]
[Date "2021.11.15"]
[Round "4"]
[White "Montilla Reyes, Jorcerys"]
[Black "Viveros Torres, Erica Johana"]
[Result "1-0"]
[WhiteElo "2051"]
[BlackElo "1832"]
[PlyCount "103"]
[EventDate "2021.11.15"]
[EventType "swiss (blitz)"]
[EventRounds "13"]
[EventCountry "COL"]
[SourceTitle "CBM 205 Extra"]
[Source "ChessBase"]
[SourceDate "2022.01.31"]
[SourceVersion "1"]
[SourceVersionDate "2022.01.31"]
[SourceQuality "1"]

1. d4 d5 2. c4 dxc4 3. Nf3 Nf6 4. e3 a6 5. a4 Bf5 6. Bxc4 c5 7. Nc3 cxd4 8. Nxd4 Bg6 9. 0-0 Nbd7 10. Qf3 Rb8 11. Ba2 e6 12. Bb1 Bc5 13. Nb3 Bd6 14. Qd1 Qc7 15. g3 Nc5 16. Nd4 Nce4 17. Nxe4 Nxe4 18. Bd2 0-0 19. Ba2 Rfe8 20. Be1 h5 21. f3 Nc5 22. Bb1 Bxb1 23. Rxb1 h4 24. b4 Nd7 25. f4 hxg3 26. hxg3 Nf6 27. Qf3 Qc4 28. g4 Qd5 29. g5 Qxf3 30. Nxf3 Ne4 31. Rd1 Be7 32. Ne5 Bd6 33. Nc4 Be7 34. Rd4 b5 35. axb5 axb5 36. Na5 Nd6 37. Nc6 Nf5 38. Rd7 Rbc8 39. Nxe7+ Nxe7 40. e4 Nc6 41. Bc3 Red8 42. Rfd1 Rxd7 43. Rxd7 Rb8 44. Rc7 Nd8 45. g6 Kf8 46. gxf7 Nxf7 47. f5 exf5 48. exf5 Kg8 49. Kf2 Ra8 50. Rb7 Ra2+ 51. Ke3 Rh2 52. Ke4 1-0

[Event "COL-ch Blitz (Women)"]
[Site "Villavicencio"]
[Date "2021.11.15"]
[Round "12"]
[White "Viveros Torres, Erica Johana"]
[Black "Dominguez, Laura Lucia"]
[Result "0-1"]
[WhiteElo "1832"]
[BlackElo "2140"]
[PlyCount "127"]
[EventDate "2021.11.15"]
[EventType "swiss (blitz)"]
[EventRounds "13"]
[EventCountry "COL"]
[SourceTitle "CBM 205 Extra"]
[Source "ChessBase"]
[SourceDate "2022.01.31"]
[SourceVersion "1"]
[SourceVersionDate "2022.01.31"]
[SourceQuality "1"]

1. e4 c5 2. Nf3 d6 3. d4 cxd4 4. Nxd4 Nf6 5. Nc3 g6 6. Be3 Bg7 7. Bc4 a6 8. f3 b5 9. Bb3 h5 10. Qd2 Bb7 11. 0-0-0 Nbd7 12. Nd5 Rc8 13. Kb1 Nxd5 14. Bxd5 Bxd5 15. exd5 Nf6 16. Nc6 Qc7 17. Na7 Ra8 18. Nc6 0-0 19. h4 Rfc8 20. Bd4 Nxd5 21. Bxg7 Kxg7 22. Qxd5 Qxc6 23. Qd4+ Kg8 24. c3 Qc4 25. Qe3 Rc7 26. g4 Qc5 27. Qd3 Rac8 28. a3 a5 29. Rdg1 hxg4 30. Rxg4 b4 31. axb4 axb4 32. Rxb4 Qh5 33. Rb5 Rc5 34. Rxc5 Rxc5 35. Qe3 Re5 36. Qf4 Rf5 37. Qa4 Qxf3 38. Rc1 Qe3 39. Qe8+ Kg7 40. Qd7 Qe4+ 41. Ka2 Ra5+ 42. Kb3 Qd5+ 43. Kc2 Qe4+ 44. Kb3 Qxh4 45. Rd1 Re5 46. Qc6 Qg4 47. Ra1 Rc5 48. Qe8 Qe6+ 49. Kc2 Qe2+ 50. Kb3 Rb5+ 51. Ka4 Qc4+ 52. b4 Rb7 53. Qa8 Qc6+ 54. Kb3 Qd5+ 55. Kc2 Qf5+ 56. Kb3 Rc7 57. Rh1 Rc8 58. Qb7 Qe6+ 59. Kb2 g5 60. Rg1 g4 61. Qg2 f5 62. Qb7 Kf6 63. Rd1 Rh8 64. b5 0-1

[Event "COL-ch Blitz (Women)"]
[Site "Villavicencio"]
[Date "2021.11.15"]
[Round "2"]
[White "Viveros Torres, Erica Johana"]
[Black "Orozco, Lina Yomayra"]
[Result "1-0"]
[WhiteElo "1832"]
[BlackElo "1979"]
[PlyCount "77"]
[EventDate "2021.11.15"]
[EventType "swiss (blitz)"]
[EventRounds "13"]
[EventCountry "COL"]
[SourceTitle "CBM 205 Extra"]
[Source "ChessBase"]
[SourceDate "2022.01.31"]
[SourceVersion "1"]
[SourceVersionDate "2022.01.31"]
[SourceQuality "1"]

1. e4 c5 2. Nf3 e6 3. d4 cxd4 4. Nxd4 Nc6 5. Nc3 Qc7 6. Be3 a6 7. f4 d6 8. Be2 Nf6 9. Bf3 Bd7 10. Qd2 Be7 11. g4 Nxd4 12. Bxd4 e5 13. fxe5 dxe5 14. Be3 Bxg4 15. Bxg4 Nxg4 16. Nd5 Qd6 17. 0-0-0 Nxe3 18. Qxe3 Rd8 19. Qg3 0-0 20. Rhg1 Qh6+ 21. Kb1 Bc5 22. Rgf1 Rde8 23. Nf6+ Kh8 24. Nxe8 Rxe8 25. Rxf7 Be3 26. Qxe5 Rg8 27. a3 Bg5 28. Qc7 Bf6 29. e5 Qh5 30. Re1 Bd8 31. Qxb7 Qg6 32. Rd1 Bg5 33. Rdd7 Bh6 34. h4 Qg1+ 35. Ka2 Qe3 36. Qd5 Qc1 37. e6 Bd2 38. e7 Qxc2 39. Rf8 1-0

[Event "COL-ch Rapid (Women)"]
[Site "Villavicencio"]
[Date "2021.11.14"]
[Round "4"]
[White "Guerra Verano, Diana"]
[Black "Viveros Torres, Erica Johana"]
[Result "1-0"]
[WhiteElo "1621"]
[BlackElo "1909"]
[PlyCount "75"]
[EventDate "2021.11.13"]
[EventType "swiss (rapid)"]
[EventRounds "9"]
[EventCountry "COL"]
[SourceTitle "CBM 205 Extra"]
[Source "ChessBase"]
[SourceDate "2022.01.31"]
[SourceVersion "1"]
[SourceVersionDate "2022.01.31"]
[SourceQuality "1"]

1. e4 c5 2. Nf3 Nc6 3. c3 d5 4. exd5 Qxd5 5. d4 Nf6 6. h3 Bf5 7. Be3 cxd4 8. cxd4 e6 9. Nc3 Qa5 10. Bd3 Be7 11. 0-0 0-0 12. a3 a6 13. b4 Qc7 14. Bxf5 exf5 15. d5 Nxb4 16. Rc1 f4 17. Bd4 Qd8 18. Bxf6 Bxf6 19. axb4 Rc8 20. Ne4 Qe7 21. Nxf6+ Qxf6 22. Qd2 Qd6 23. Qd4 h6 24. Rc5 b6 25. Rcc1 Rfd8 26. Rxc8 Rxc8 27. Rd1 b5 28. Ne5 f6 29. Nc6 Re8 30. Qc5 Qd7 31. d6 f3 32. Qd5+ Kh8 33. Qxf3 Rc8 34. Ne7 Rc4 35. Ng6+ Kg8 36. Qd5+ Qf7 37. d7 Qxd5 38. Rxd5 1-0

[Event "COL-ch Rapid (Women)"]
[Site "Villavicencio"]
[Date "2021.11.14"]
[Round "9"]
[White "Viveros Torres, Erica Johana"]
[Black "Parada Beltran, Laura Valentina"]
[Result "1-0"]
[WhiteElo "1909"]
[BlackElo "1541"]
[PlyCount "66"]
[EventDate "2021.11.13"]
[EventType "swiss (rapid)"]
[EventRounds "9"]
[EventCountry "COL"]
[SourceTitle "CBM 205 Extra"]
[Source "ChessBase"]
[SourceDate "2022.01.31"]
[SourceVersion "1"]
[SourceVersionDate "2022.01.31"]
[SourceQuality "1"]

1. e4 e5 2. Nf3 Nc6 3. Bb5 a6 4. Ba4 Nf6 5. 0-0 Be7 6. Qe2 d6 7. c3 0-0 8. d4 Bg4 9. Bxc6 bxc6 10. dxe5 dxe5 11. h3 Bh5 12. Bg5 Qd6 13. Rd1 Qe6 14. Nbd2 Rab8 15. b3 Bd6 16. Nc4 Nd7 17. Bh4 f5 18. exf5 Qxf5 19. Nxd6 cxd6 20. Rxd6 Kh8 21. Qe3 c5 22. Re1 Rbe8 23. c4 Rf7 24. Ng5 Rff8 25. Qe4 Qxe4 26. Nxe4 Rf7 27. Rxa6 Rf4 28. Bg3 Rf7 29. Ra7 Rfe7 30. a4 Bg6 31. Bh4 Nf6 32. Rxe7 Rxe7 33. Nxf6 Re8 1-0

[Event "COL-ch sf (Women)"]
[Site "Santa Rosa"]
[Date "2021.08.15"]
[Round "7"]
[White "Mateus, Martha"]
[Black "Viveros Torres, Erica Johana"]
[Result "1-0"]
[WhiteElo "2048"]
[BlackElo "1948"]
[PlyCount "67"]
[EventDate "2021.08.12"]
[EventType "swiss"]
[EventRounds "9"]
[EventCountry "COL"]
[SourceTitle "CBM 204 Extra"]
[Source "ChessBase"]
[SourceDate "2021.11.30"]
[SourceVersion "1"]
[SourceVersionDate "2021.11.30"]
[SourceQuality "1"]

1. e4 c5 2. c3 e6 3. d4 d5 4. exd5 exd5 5. Bd3 Nf6 6. h3 Nc6 7. Nf3 Bd6 8. dxc5 Bxc5 9. 0-0 0-0 10. Nbd2 Re8 11. Nb3 Bb6 12. Bg5 Ne5 13. Nxe5 Rxe5 14. Bf4 Re8 15. Bc2 Bc7 16. Qf3 Be6 17. Rad1 Rc8 18. Nd4 Bxf4 19. Qxf4 Qc7 20. Qh4 Qb6 21. Bb3 Ne4 22. Rfe1 Nd6 23. Re2 Nb5 24. Red2 Nc7 25. Bc2 h6 26. Qg3 Rcd8 27. h4 Qd6 28. Qd3 Qf4 29. Qh7+ Kf8 30. Ba4 Bd7 31. Bxd7 Rxd7 32. Nf5 f6 33. Qh8+ Kf7 34. Qxg7+ 1-0

[Event "COL-ch sf (Women)"]
[Site "Santa Rosa"]
[Date "2021.08.15"]
[Round "6"]
[White "Viveros Torres, Erica Johana"]
[Black "Lopez Rayo, Isabella"]
[Result "1/2-1/2"]
[WhiteElo "1948"]
[BlackElo "1763"]
[PlyCount "156"]
[EventDate "2021.08.12"]
[EventType "swiss"]
[EventRounds "9"]
[EventCountry "COL"]
[SourceTitle "CBM 204 Extra"]
[Source "ChessBase"]
[SourceDate "2021.11.30"]
[SourceVersion "1"]
[SourceVersionDate "2021.11.30"]
[SourceQuality "1"]

1. e4 c5 2. Nf3 e6 3. d4 cxd4 4. Nxd4 a6 5. Bd3 Nc6 6. Be3 e5 7. Ne2 Nf6 8. Nec3 d6 9. f3 Be6 10. 0-0 b5 11. a4 b4 12. Ne2 Be7 13. c3 d5 14. exd5 Nxd5 15. Bf2 0-0 16. c4 Nf6 17. Qc2 h6 18. Nd2 Nd7 19. Nb3 f5 20. c5 Qe8 21. Bc4 Bf6 22. Rad1 Bxc4 23. Qxc4+ Qf7 24. Qc2 g6 25. Rd6 Rac8 26. Rfd1 Ndb8 27. Nd2 Be7 28. Nc4 Rc7 29. R6d2 Qe6 30. Nd6 Rd8 31. Be3 Kg7 32. b3 Rcd7 33. Nc4 a5 34. Kf1 Na6 35. Rxd7 Rxd7 36. Rxd7 Qxd7 37. Nb6 Qe6 38. Nc1 Nc7 39. Qd3 e4 40. fxe4 fxe4 41. Qd2 h5 42. h3 Qf5+ 43. Qf2 Qxf2+ 44. Kxf2 Ne6 45. Nd7 Kf7 46. Ne2 Ke8 47. Nb6 Nxc5 48. Nf4 Nxb3 49. Nxg6 Bc5 50. Nf4 Nbd4 51. Nc4 h4 52. Ng6 Ne6 53. Nxh4 b3 54. Nf5 Ne5 55. Nfd6+ Bxd6 56. Nxd6+ Kd7 57. Nxe4 b2 58. Nd2 Nc4 59. Nb1 Kd6 60. Ke2 Kd5 61. Kd3 Ne5+ 62. Kc2 Ke4 63. Bd2 Nc5 64. Nc3+ Kd4 65. Nb5+ Kc4 66. Na3+ Kd5 67. Kxb2 Nxa4+ 68. Kc2 Ke4 69. Bxa5 Ng6 70. Bc7 Nf4 71. Bxf4 Kxf4 72. Nc4 Nc5 73. Kd2 Ne4+ 74. Ke2 Kg3 75. Nd2 Kxg2 76. h4 Ng3+ 77. Kd3 Kh3 78. Nf3 Kg4 1/2-1/2

[Event "COL-ch Amateurs U2000"]
[Site "Bogota"]
[Date "2021.06.24"]
[Round "2"]
[White "Parra Meza, Brayan1111"]
[Black "Viveros Torres, Erica Johana"]
[Result "0-1"]
[WhiteElo "1843"]
[BlackElo "1970"]
[PlyCount "110"]
[EventDate "2021.06.23"]
[EventType "swiss"]
[EventRounds "7"]
[EventCountry "COL"]
[SourceTitle "CBM 203 Extra"]
[Source "ChessBase"]
[SourceDate "2021.09.30"]
[SourceVersion "1"]
[SourceVersionDate "2021.09.30"]
[SourceQuality "1"]

1. e4 c5 2. Nc3 Nc6 3. g3 g6 4. Bg2 Bg7 5. d3 d6 6. Be3 Rb8 7. Qd2 b5 8. Nge2 b4 9. Nd1 Nd4 10. 0-0 e6 11. Nc1 Ne7 12. c3 bxc3 13. bxc3 Ndc6 14. Bh6 0-0 15. Bxg7 Kxg7 16. Ne3 f5 17. Ne2 Bd7 18. f4 Rb7 19. Rab1 Qc7 20. Qc2 Rfb8 21. Rxb7 Qxb7 22. Rc1 a5 23. h3 Qb2 24. Qxb2 Rxb2 25. Rc2 Rxc2 26. Nxc2 fxe4 27. dxe4 d5 28. Kf2 a4 29. Ke3 Na5 30. Na3 Bc6 31. g4 Nc8 32. f5 Nb6 33. fxe6 g5 34. Kd3 Kf6 35. Ng3 Kxe6 36. exd5+ Bxd5 37. Bxd5+ Nxd5 38. Ne2 Nb6 39. Ke4 Nbc4 40. Nxc4 Nxc4 41. Nc1 Nd6+ 42. Ke3 Kd5 43. Nd3 a3 44. Ne1 Kc4 45. Nc2 Kxc3 46. Nxa3 Kb2 47. Nb1 Kxb1 48. a4 Kc2 49. a5 Kb3 50. a6 Nb5 51. Ke4 c4 52. Kf5 c3 53. Kxg5 c2 54. h4 c1Q+ 55. Kh5 Qc6 0-1

[Event "COL-ch Amateurs U2000"]
[Site "Bogota"]
[Date "2021.06.24"]
[Round "3"]
[White "Viveros Torres, Erica Johana"]
[Black "Mesa Baez, Samuel"]
[Result "0-1"]
[WhiteElo "1970"]
[BlackElo "1785"]
[PlyCount "98"]
[EventDate "2021.06.23"]
[EventType "swiss"]
[EventRounds "7"]
[EventCountry "COL"]
[SourceTitle "CBM 203 Extra"]
[Source "ChessBase"]
[SourceDate "2021.09.30"]
[SourceVersion "1"]
[SourceVersionDate "2021.09.30"]
[SourceQuality "1"]

1. e4 Nf6 2. e5 Nd5 3. d4 d6 4. Nf3 Nc6 5. exd6 exd6 6. c4 Nb6 7. Be2 Be7 8. 0-0 0-0 9. h3 Bf5 10. Bd3 Bg6 11. Nc3 Bf6 12. Bxg6 hxg6 13. b3 Re8 14. Be3 Qd7 15. Qd2 Re7 16. Ne2 Ree8 17. Ng3 d5 18. c5 Nc8 19. b4 N6e7 20. Bg5 Bxg5 21. Qxg5 Nf5 22. Rfe1 Nce7 23. Ne2 a5 24. g4 f6 25. Qd2 Nh6 26. Ng3 g5 27. bxa5 Ng6 28. Rxe8+ Rxe8 29. Re1 Rxe1+ 30. Qxe1 Nf4 31. Qb4 Nxh3+ 32. Kh2 Qxg4 33. Qxb7 Nf4 34. Qb8+ Kh7 35. Qb1+ g6 36. Qh1 Nf5 37. Kg1+ Kg7 38. Kf1 Nxg3+ 39. fxg3 Qxg3 40. a6 g4 41. a7 gxf3 42. a8Q Nh3 43. Qxf3 Qxf3+ 44. Ke1 Nf4 45. Qa6 Qe3+ 46. Kf1 Qd3+ 47. Qxd3 Nxd3 48. a3 Nb2 49. Ke2 f5 0-1

[Event "COL-ch (Women)"]
[Site "Fusagasuga"]
[Date "2020.12.07"]
[Round "10"]
[White "Chirivi Castiblanco, Angie Lizeth"]
[Black "Viveros Torres, Erica Johana"]
[Result "1-0"]
[WhiteElo "1991"]
[BlackElo "1963"]
[PlyCount "89"]
[EventDate "2020.12.01"]
[EventType "tourn"]
[EventRounds "11"]
[EventCountry "COL"]
[SourceTitle "CBM 199 Extra"]
[Source "ChessBase"]
[SourceDate "2021.01.31"]
[SourceVersion "1"]
[SourceVersionDate "2021.01.31"]
[SourceQuality "1"]

1. Nf3 d5 2. g3 Nd7 3. d4 Nb6 4. Bg2 Nf6 5. b3 Bf5 6. 0-0 e6 7. Bb2 Be7 8. Nbd2 0-0 9. h3 Ne4 10. Rc1 Bg6 11. Ne5 Nxd2 12. Qxd2 f5 13. c4 c6 14. Rce1 Bf6 15. cxd5 Nxd5 16. Nxg6 hxg6 17. Rd1 Bg5 18. Qd3 Re8 19. e4 Nb6 20. a4 Kh7 21. h4 Bf6 22. a5 Nd7 23. a6 Qb6 24. h5 Qxa6 25. hxg6+ Kxg6 26. Qxa6 bxa6 27. e5 Be7 28. Bxc6 Rad8 29. d5 Rf8 30. d6 Bg5 31. f4 Nb8 32. Ba4 Bh6 33. Rc1 Kh5 34. Kg2 g5 35. Rh1+ Kg6 36. Kf3 Nd7 37. Rc7 Nb6 38. Re7 g4+ 39. Ke2 Rc8 40. Rxe6+ Kf7 41. Rhxh6 Rc2+ 42. Kd3 Rxb2 43. Ref6+ Kg7 44. Rfg6+ Kf7 45. e6# 1-0

[Event "COL-ch sf"]
[Site "Palmira"]
[Date "2020.11.16"]
[Round "8"]
[White "Viveros Torres, Erica Johana"]
[Black "Lopez Idarraga, Daniel Eduardo"]
[Result "1/2-1/2"]
[WhiteElo "1961"]
[BlackElo "2009"]
[PlyCount "108"]
[EventDate "2020.11.12"]
[EventType "swiss"]
[EventRounds "8"]
[EventCountry "COL"]
[SourceTitle "CBM 199 Extra"]
[Source "ChessBase"]
[SourceDate "2021.01.31"]
[SourceVersion "1"]
[SourceVersionDate "2021.01.31"]
[SourceQuality "1"]

1. e4 e6 2. d4 d5 3. Nd2 Nf6 4. e5 Nfd7 5. Bd3 c5 6. c3 Nc6 7. Ndf3 f6 8. exf6 Nxf6 9. Nh3 Bd6 10. 0-0 0-0 11. Re1 Qc7 12. Nhg5 e5 13. dxe5 Nxe5 14. Bxh7+ Nxh7 15. Nxe5 Nxg5 16. Bxg5 Be6 17. f4 Rf5 18. Ng6 Bf7 19. Ne7+ Bxe7 20. Rxe7 Qd6 21. Qe2 d4 22. Qe4 Qd5 23. g4 Qxe4 24. Rxe4 Rd5 25. cxd4 cxd4 26. Rd1 Rc8 27. Rd2 d3 28. Kf2 Rdc5 29. Rd4 Bg6 30. Rd8+ Rxd8 31. Bxd8 Rc4 32. Bg5 Be4 33. f5 Bc6 34. h3 Rc2 35. Kg3 Kf7 36. Be3 Kf6 37. Bd4+ Kf7 38. Rxd3 a5 39. Bc3 b5 40. Rd2 Rxd2 41. Bxd2 b4 42. a3 bxa3 43. bxa3 a4 44. Kf4 Bd5 45. h4 Bc4 46. Kg5 Be2 47. h5 Bd1 48. h6 gxh6+ 49. Kh5 Bc2 50. Kxh6 Bxf5 51. gxf5 Kf6 52. Bb4 Kxf5 53. Kg7 Ke6 54. Kf8 Kd7 1/2-1/2

[Event "COL-ch sf"]
[Site "Palmira"]
[Date "2020.11.13"]
[Round "3"]
[White "Hernandez Bermudez, Manuela"]
[Black "Viveros Torres, Erica Johana"]
[Result "0-1"]
[WhiteElo "1591"]
[BlackElo "1961"]
[PlyCount "45"]
[EventDate "2020.11.12"]
[EventType "swiss"]
[EventRounds "8"]
[EventCountry "COL"]
[SourceTitle "CBM 199 Extra"]
[Source "ChessBase"]
[SourceDate "2021.01.31"]
[SourceVersion "1"]
[SourceVersionDate "2021.01.31"]
[SourceQuality "1"]

1. e4 c5 2. Nf3 Nc6 3. d4 cxd4 4. Nxd4 Nf6 5. Nc3 e6 6. Ndb5 Bc5 7. Nd6+ Ke7 8. Nc4 d5 9. exd5 exd5 10. Qe2+ Be6 11. Ne5 Nxe5 12. Qxe5 Bxf2+ 13. Kd1 h6 14. h3 a6 15. Bd3 Re8 16. Rf1 Kf8 17. Qf4 Bc5 18. Bd2 Rc8 19. g4 Qd6 20. Qf3 Bd4 21. g5 hxg5 22. Bxg5 Qe5 23. Bd2 0-1

[Event "COL-ch sf"]
[Site "Palmira"]
[Date "2020.11.13"]
[Round "2"]
[White "Viveros Torres, Erica Johana"]
[Black "Quinonez Garcia, Santiago"]
[Result "0-1"]
[WhiteElo "1961"]
[BlackElo "2227"]
[PlyCount "56"]
[EventDate "2020.11.12"]
[EventType "swiss"]
[EventRounds "8"]
[EventCountry "COL"]
[SourceTitle "CBM 199 Extra"]
[Source "ChessBase"]
[SourceDate "2021.01.31"]
[SourceVersion "1"]
[SourceVersionDate "2021.01.31"]
[SourceQuality "1"]

1. e4 e5 2. Nf3 Nc6 3. Bb5 a6 4. Ba4 Nf6 5. 0-0 Be7 6. Re1 b5 7. Bb3 0-0 8. c3 d5 9. d4 exd4 10. e5 Ne4 11. cxd4 Bg4 12. Be3 Bb4 13. Rf1 f5 14. Qc1 Na5 15. Bd1 Nc4 16. Bg5 Qe8 17. b3 Nb6 18. a3 Be7 19. Qxc7 Bxf3 20. Bxe7 Bxg2 21. Bxf8 Kxf8 22. Qxb6 Bxf1 23. Kxf1 Rc8 24. Bf3 Rc1+ 25. Ke2 Rc2+ 26. Kd1 Rxf2 27. Bxe4 Qh5+ 28. Kc1 Qg5+ 0-1

[Event "COL-chT Interligas (Women)"]
[Site "Palmira"]
[Date "2019.04.27"]
[Round "2.3"]
[White "Caicedo Anguila, Juliana Andrea"]
[Black "Viveros Torres, Erica Johana"]
[Result "0-1"]
[WhiteElo "1530"]
[BlackElo "1965"]
[PlyCount "37"]
[EventDate "2019.04.27"]
[EventType "team-swiss"]
[EventRounds "6"]
[EventCountry "COL"]
[SourceTitle "CBM 190 Extra"]
[Source "ChessBase"]
[SourceDate "2019.07.15"]
[SourceVersion "1"]
[SourceVersionDate "2019.07.15"]
[SourceQuality "1"]
[WhiteTeam "Atlantico (W)"]
[BlackTeam "Valle (W)"]
[WhiteTeamCountry "COL"]
[BlackTeamCountry "COL"]

1. d4 Nf6 2. c4 g6 3. Nc3 Bg7 4. e4 d6 5. f3 0-0 6. Be3 Nbd7 7. Nge2 e5 8. d5 Nb6 9. b3 Nh5 10. g3 f5 11. Bg2 Nd7 12. Qd2 a6 13. Rc1 Ndf6 14. exf5 gxf5 15. Bh6 Qe8 16. Bxg7 Nxg7 17. 0-0 Bd7 18. Rce1 Qg6 19. Rf2 0-1

[Event "COL-chT (Women)"]
[Site "Ibague"]
[Date "2018.10.13"]
[Round "5.4"]
[White "Leal, Dayana Vanessa"]
[Black "Viveros Torres, Erica Johana"]
[Result "0-1"]
[WhiteElo "1442"]
[BlackElo "2019"]
[PlyCount "54"]
[EventDate "2018.10.11"]
[EventType "team-swiss"]
[EventRounds "6"]
[EventCountry "COL"]
[SourceTitle "CBM 186 Extra"]
[Source "ChessBase"]
[SourceDate "2018.08.24"]
[SourceVersion "1"]
[SourceVersionDate "2018.08.24"]
[SourceQuality "1"]
[WhiteTeam "Cauca (W)"]
[BlackTeam "Valle (W)"]
[WhiteTeamCountry "COL"]
[BlackTeamCountry "COL"]

1. d4 b5 2. Nf3 Bb7 3. Nbd2 Nf6 4. g3 e6 5. Bg2 a5 6. 0-0 d5 7. c3 Nbd7 8. Qc2 c5 9. dxc5 Nxc5 10. Nd4 Qd7 11. N2f3 Bd6 12. Bf4 Bxf4 13. gxf4 0-0 14. Ne5 Qe8 15. e3 Nfe4 16. b3 f6 17. Nd3 Rc8 18. Rac1 e5 19. fxe5 fxe5 20. Nf3 Nd7 21. Qb2 Qh5 22. Nd2 Qe2 23. Bxe4 dxe4 24. Ne1 Rc6 25. Ng2 Rg6 26. h3 Qh5 27. Kh2 Rf3 0-1

[Event "COL pre olympic sf3"]
[Site "Dosquebradas"]
[Date "2018.06.03"]
[Round "9"]
[White "Pinzon, Luis Guillermo"]
[Black "Viveros Torres, Erica Johana"]
[Result "0-1"]
[WhiteElo "1650"]
[BlackElo "1859"]
[PlyCount "62"]
[EventDate "2018.05.30"]
[EventType "swiss"]
[EventRounds "10"]
[EventCountry "COL"]
[SourceTitle "CBM 184 Extra"]
[Source "ChessBase"]
[SourceDate "2018.06.28"]
[SourceVersion "1"]
[SourceVersionDate "2018.06.28"]
[SourceQuality "1"]

1. e4 c5 2. Nf3 d6 3. d4 cxd4 4. Nxd4 Nf6 5. Bd3 Nc6 6. c3 e5 7. Ne2 Be7 8. 0-0 0-0 9. Kh1 Be6 10. f4 exf4 11. Nxf4 Ne5 12. Nxe6 fxe6 13. Bc2 Nfg4 14. h3 Nf2+ 15. Rxf2 Rxf2 16. Be3 Rf7 17. Nd2 Bg5 18. Bd4 Nc6 19. Nf3 Bf4 20. Bg1 Kh8 21. Bb3 Qe7 22. Qe2 Raf8 23. Rd1 a6 24. a4 Rf6 25. Bc2 Qe8 26. Bb1 Bg3 27. Bh2 Bxh2 28. Kxh2 Ne5 29. Nxe5 dxe5 30. Qd3 Qxa4 31. b4 h6 0-1

[Event "COL pre olympic sf3"]
[Site "Dosquebradas"]
[Date "2018.05.31"]
[Round "3"]
[White "Garcia Alarcon, Alvaro"]
[Black "Viveros Torres, Erica Johana"]
[Result "0-1"]
[WhiteElo "2175"]
[BlackElo "1859"]
[PlyCount "68"]
[EventDate "2018.05.30"]
[EventType "swiss"]
[EventRounds "10"]
[EventCountry "COL"]
[SourceTitle "CBM 184 Extra"]
[Source "ChessBase"]
[SourceDate "2018.06.28"]
[SourceVersion "1"]
[SourceVersionDate "2018.06.28"]
[SourceQuality "1"]

1. d4 Nf6 2. c4 c5 3. d5 e6 4. Nc3 g6 5. Nf3 exd5 6. Nxd5 Bg7 7. e3 0-0 8. Be2 b6 9. 0-0 Bb7 10. Rb1 Na6 11. Nc3 Re8 12. h3 Nc7 13. Qd6 Re6 14. Qf4 d5 15. Rd1 d4 16. exd4 Nh5 17. Qd2 cxd4 18. Ng5 Re5 19. f4 Re8 20. Nb5 Nxb5 21. cxb5 Nf6 22. Bc4 Nd5 23. Qf2 h6 24. Nf3 Rc8 25. Bb3 Ne3 26. Re1 Be4 27. Ra1 Nc2 28. Bxc2 Rxc2 29. Nd2 d3 30. Kh2 Bb7 31. a4 Rxe1 32. Qxe1 Qd5 33. Qg3 Bd4 34. f5 Be5 0-1

[Event "Centroamericano and Caribe U18 Girls"]
[Site "Merida"]
[Date "2018.05.01"]
[Round "7"]
[White "Palacios Figueroa, Barbara del Valle"]
[Black "Viveros Torres, Erica Johana"]
[Result "0-1"]
[WhiteElo "1724"]
[BlackElo "1870"]
[PlyCount "58"]
[EventDate "2018.04.28"]
[EventType "swiss"]
[EventRounds "9"]
[EventCountry "VEN"]
[SourceTitle "EXT 2021"]
[Source "ChessBase"]
[SourceDate "2020.10.23"]
[SourceVersion "1"]
[SourceVersionDate "2020.10.23"]
[SourceQuality "1"]

1. e4 c5 2. Nc3 d6 3. g3 Nc6 4. Bg2 g6 5. d3 Bg7 6. f4 e5 7. Nf3 Nge7 8. 0-0 0-0 9. Be3 exf4 10. Bxf4 a6 11. Qc1 Rb8 12. h3 b5 13. Ne2 Ne5 14. Nh4 N7c6 15. Bh6 Be6 16. Qd2 f6 17. Rf2 a5 18. c3 Qd7 19. g4 Bxh6 20. Qxh6 Nxd3 21. Rff1 Nxb2 22. Nf4 Ne5 23. Nd5 Bxd5 24. exd5 Qg7 25. Qd2 Nbc4 26. Qf2 Qh6 27. Kh2 Qe3 28. Qxe3 Nxe3 29. Rfe1 Nc2 0-1

[Event "COL-ch sf 2nd"]
[Site "Tunja"]
[Date "2018.04.22"]
[Round "10"]
[White "Viveros Torres, Erica Johana"]
[Black "Barbosa, Daniela"]
[Result "1-0"]
[WhiteElo "1870"]
[BlackElo "1642"]
[PlyCount "73"]
[EventDate "2018.04.17"]
[EventType "swiss"]
[EventRounds "10"]
[EventCountry "COL"]
[SourceTitle "CBM 184 Extra"]
[Source "ChessBase"]
[SourceDate "2018.06.28"]
[SourceVersion "1"]
[SourceVersionDate "2018.06.28"]
[SourceQuality "1"]

1. e4 e5 2. Nf3 Nc6 3. Bb5 d6 4. 0-0 a6 5. Ba4 b5 6. Bb3 Bg4 7. c3 Qf6 8. Re1 Bxf3 9. gxf3 Qg6+ 10. Kh1 f5 11. d4 f4 12. a4 b4 13. d5 Na5 14. cxb4 Nb7 15. Qc2 Kd8 16. a5 Ne7 17. Ba4 Qf7 18. Qd3 Nc8 19. Bc6 Ra7 20. Bd2 Qh5 21. Ra3 Be7 22. Bxb7 Rxb7 23. Qxa6 Ra7 24. Qf1 Rf8 25. b5 Rf6 26. Rc1 Rh6 27. h3 Qxh3+ 28. Qxh3 Rxh3+ 29. Kg2 Rh6 30. b6 cxb6 31. axb6 Rb7 32. Ra8 Ke8 33. Raxc8+ Kf7 34. Ba5 Rg6+ 35. Kf1 Rh6 36. Ke2 Rh2 37. R1c7 1-0